000
00219nam a2200109Ia 4500
100
_a
JOLHE DHANANJAY
942
_c
BK
245
_a
ENGG.DRAING
260
_b
TATAMCGRAWHILL
_a
New Delhi
546
_a
ENGLISH
999
_c
22281
_d
22281